កន្លែងនេសាទបំរុងទុកក្នុង ខេត្តសៀមរាប​ និងខេត្តបាត់ដំបង, (Record no. 3548)

000 -LEADER
fixed length control field 00543nam a22001577a 4500
003 - CONTROL NUMBER IDENTIFIER
control field OSt
005 - DATE AND TIME OF LATEST TRANSACTION
control field 20151117153941.0
008 - FIXED-LENGTH DATA ELEMENTS--GENERAL INFORMATION
fixed length control field 151117b xxu||||| |||| 00| 0 eng d
040 ## - CATALOGING SOURCE
Transcribing agency RUA
082 ## - DEWEY DECIMAL CLASSIFICATION NUMBER
Classification number FIS​ នូ 1992 B146 Or.1
100 ## - MAIN ENTRY--PERSONAL NAME
9 (RLIN) 3815
Personal name នូ​ សុវណ្ណ
245 ## - TITLE STATEMENT
Title កន្លែងនេសាទបំរុងទុកក្នុង ខេត្តសៀមរាប​ និងខេត្តបាត់ដំបង,
260 ## - PUBLICATION, DISTRIBUTION, ETC. (IMPRINT)
Place of publication, distribution, etc. Phnom Penh
Name of publisher, distributor, etc. RUA
Date of publication, distribution, etc. 1992
300 ## - PHYSICAL DESCRIPTION
Extent 80p.
Other physical details ill.
Dimensions 29cm.
942 ## - ADDED ENTRY ELEMENTS (KOHA)
Source of classification or shelving scheme
Koha item type FIS
Holdings
Price effective from Date last seen Permanent Location Not for loan Date acquired Source of classification or shelving scheme Koha item type Barcode Lost status Damaged status Shelving location Withdrawn status Current Location Full call number
2015-11-172015-11-17Library Block B 2015-11-17 FISRUA035157  B146 Library Block BFIS​ នូ 1992 B146 Or.1
2015-11-172015-11-17Library Block B 2015-11-17 FISRUA020649  B146 Library Block BFIS​ នូ 1992 B146 Or.2
2015-11-172015-11-17Library Block B 2015-11-17 FISRUA020577  B146 Library Block BFIS​ នូ 1992 B146 Or.3
2015-11-172015-11-17Library Block B 2015-11-17 FISRUA020535  B146 Library Block BFIS​ នូ 1992 B146 Or.4
2015-11-172015-11-17Library Block B 2015-11-17 FISRUA020728  B146 Library Block BFIS​ នូ 1992 B146 Or.5
2015-11-172015-11-17Library Block B 2015-11-17 FISRUA020884  B146 Library Block BFIS​ នូ 1992 B146 Or.6
2015-11-172015-11-17Library Block B 2015-11-17 FISRUA020926  B146 Library Block BFIS​ នូ 1992 B146 Or.7
2015-11-172015-11-17Library Block B 2015-11-17 FISRUA020782  B146 Library Block BFIS​ នូ 1992 B146 Or.8
មជ្ឈមណ្ឌលឯការនៃសាកលវិទ្យាល័យភូមិន្ទកសិកម្មចំការដូង

Powered by Koha